| 000 | 01017nam a22002297a 4500 | ||
|---|---|---|---|
| 999 |
_c63275 _d63275 |
||
| 003 | Ge_BSU | ||
| 005 | 20250716102210.0 | ||
| 008 | 250716s2023 ge ||||| |||| 00| 0 geo d | ||
| 020 | _a9789941046216 X | ||
| 041 | _ageo | ||
| 080 | _a341.176.2(4) გ-13 | ||
| 100 |
_aგაბრიჩიძე, გაგა _95243 |
||
| 245 |
_aევროპული კავშირის სამართალი / _cგაგა გაბრიჩიძე ; |
||
| 264 |
_aთბილისი : _bევროპული და შედარებითი სამართლის ინ-ტის გამ-ბა, _c2023. |
||
| 300 |
_a354 გვ. : _bცხრ. ; _c 24 სმ. |
||
| 501 | _aტერმინთა საძიებელი: გვ. 350-354 | ||
| 504 | _aბიბლიოგრ.: გვ. 348-349. | ||
| 653 | _aევროკავშირის სამართალი. | ||
| 653 | _aსამართალი | ||
| 773 | _tნაჩუქარი | ||
| 942 |
_2udc _cBK |
||